000 01134nam a2200289 a 4500
001 983
003 BR-CuiBMT
005 20231124200417.0
008 231124s2002 dfba 000 0 por d
020 _a8570620659
040 _aBR-CuiBMT
_cBR-CuiBMT
080 _22007
_a657:336.1
090 _a657:336.1
_bP667c
_c7. ed.
100 1 _aPires, João Batista Fortes de Souza
245 _aContabilidade pública /
_cJoão Batista Fortes de Souza Pires.
246 1 4 _aContabilidade pública :
_borçamento público,lei de responsabilidade fiscal : teoria e prática : para cursos de contabilidade, administração, economia e concursos públicos.
250 _a7. rev., atual. e ampl.
260 _aBrasília :
_bFranco & Fortes,
_c2002.
300 _a586 p.:
_bil.
_c23 cm
500 _aRevista, atualizada e ampliada; contando as alterações da Portaria n°163, de 04/05/2001. Mais de 400 exercícios gabaritados.
504 _aInclui bibliografia.
650 _aContabilidade pública
650 _aFinanças públicas
650 _aAdministração financeira
650 _aAdministração orçamentária
942 _2udc
_cLV
999 _c983
_d983